ბათუმის შოთა რუსთაველის სახელმწიფო უნივერსიტეტის ბიბლიოთეკა

Виноградарство с основами ампелографии и селекции (ბიბ.ჩანაწერი № 46021)

000 -LEADER
fixed length control field 00663nam a2200205Ia 4500
001 - CONTROL NUMBER
control field 12851
003 - CONTROL NUMBER IDENTIFIER
control field GE_BSU
008 - FIXED-LENGTH DATA ELEMENTS--GENERAL INFORMATION
fixed length control field 181216s||||||||xx |||||||||||||| ||und||
040 ## - CATALOGING SOURCE
Transcribing agency GE_BSU
080 ## - UNIVERSAL DECIMAL CLASSIFICATION NUMBER
Universal Decimal Classification number 634.8(075.32)
100 ## - MAIN ENTRY--PERSONAL NAME
Personal name Негруль,А.Г.
245 ## - TITLE STATEMENT
Title Виноградарство с основами ампелографии и селекции
260 ## - PUBLICATION, DISTRIBUTION, ETC.
Place of publication, distribution, etc. Москва
260 ## - PUBLICATION, DISTRIBUTION, ETC.
Name of publisher, distributor, etc. Гос.изд.сельхоз.лит-ры
260 ## - PUBLICATION, DISTRIBUTION, ETC.
Date of publication, distribution, etc. 1952
300 ## - PHYSICAL DESCRIPTION
Extent 428стр.илл.20см.
300 ## - PHYSICAL DESCRIPTION
Dimensions Библиогр.с.424
653 ## - INDEX TERM--UNCONTROLLED
Uncontrolled term Виноградарство с основами ампелографии и селекции
942 ## - ADDED ENTRY ELEMENTS (KOHA)
Koha item type წიგნი
ეგზემპლარები
Withdrawn status Lost status Damaged status Not for loan Date acquired Barcode Date last seen Price effective from Koha item type
        2018-12-17 20811 2018-12-17 2018-12-17 წიგნი